Ισιδώρου Πηλουσιώτου : άπαντα τα έργα : επιστολές

Αποθηκεύτηκε σε:
Λεπτομέρειες βιβλιογραφικής εγγραφής
Κύριος συγγραφέας: Ισίδωρος ο Πηλουσιώτης, π. 370-435 ή 449
Άλλοι συγγραφείς: Μερετάκης, Ελευθέριος (Επιμελητής έκδοσης)
Μορφή: Βιβλίο
Γλώσσα:Greek
Δημοσίευση: Θεσσαλονίκη : Πατερικαί Εκδόσεις "Γρηγόριος ο Παλαμάς", 2000
Σειρά:Έλληνες Πατέρες της Εκκλησίας
Θέματα:
Ετικέτες: Προσθήκη ετικέτας
Δεν υπάρχουν, Καταχωρήστε ετικέτα πρώτοι!

MARC

LEADER 00000cam a2200000 i 4500
001 1/39904
008 070111m20009999 gre d
035 |l 10086702 
040 |a GR-MY-UA  |b gre  |e aacr 
041 0 |a gre 
082 0 |a 270.092  |2 (22) 
100 0 |a Ισίδωρος ο Πηλουσιώτης,   |d π. 370-435 ή 449. 
245 1 0 |a Ισιδώρου Πηλουσιώτου :  |b άπαντα τα έργα : επιστολές /  |c [Ισίδωρος ο Πηλουσιώτης] ; επιμελητής Ελευθ. Γ. Μερετάκης 
260 |a Θεσσαλονίκη :   |b Πατερικαί Εκδόσεις "Γρηγόριος ο Παλαμάς",   |c 2000 
300 |a 5 τ.;  |c 22 εκ. 
490 1 |a Έλληνες Πατέρες της Εκκλησίας 
600 0 0 |a Ισίδωρος ο Πηλουσιώτης,   |d π. 370-435 ή 449. 
650 0 0 |a Christian biography. 
650 0 0 |a Fathers of the church, Greek. 
650 0 0 |a Apostolic Fathers. 
650 0 0 |a Theologians  |z Greece. 
700 1 |a Μερετάκης, Ελευθέριος.  |4 edt 
830 0 |a Έλληνες Πατέρες της Εκκλησίας 
852 |a INST  |b RHODES  |c KRI  |e 20070111  |h  270.092 ΙΣΙ  |p 005400027297  |q 005400027297  |t BK  |v τ.4:  |y 0  |z τ.4 
852 |a INST  |b RHODES  |c KRI  |e 20070111  |h  270.092 ΙΣΙ  |p 005400027298  |q 005400027298  |t BK  |v τ.5:  |y 0  |z τ.5 
852 |a INST  |b RHODES  |c KRI  |e 20070111  |h  270.092 ΙΣΙ  |p 005400027299  |q 005400027299  |t BK  |v τ.3:  |y 0  |z τ.3 
852 |a INST  |b RHODES  |c KRI  |e 20070111  |h  270.092 ΙΣΙ  |p 005400027300  |q 005400027300  |t BK  |v τ.1:  |y 0  |z τ.1 
852 |a INST  |b RHODES  |c KRI  |e 20070111  |h  270.092 ΙΣΙ  |p 005400027301  |q 005400027301  |t BK  |v τ.2:  |y 0  |z τ.2 
853 |a INST  |b RHODES  |c KRI  |h  270.092 ΙΣΙ 
901 |a BIBL4-2007-1 
909 |a Ρ  |b 127461 
909 |a Ρ  |b 127460 
909 |a Ρ  |b 127459 
909 |a Ρ  |b 127458 
909 |a Ρ  |b 127457 
970 |a ΚΟΖΑ  |b ΜΑΡΙΑ  |z 2007/01/08